|
|
|
|
| LEADER |
00000nas a2200000 4500 |
| 001 |
ssj0006788 |
| 003 |
WaSeSS |
| 005 |
20200512172242.0 |
| 006 |
m d |
| 007 |
cr n |
| 008 |
740117d19722019oncfr p s 0 a0eng |
| 010 |
|
|
|a 73644417
|z cn 75070399
|
| 015 |
|
|
|a 750703997
|2 can
|
| 015 |
|
|
|a C 750703997
|
| 016 |
7 |
|
|a 100970802
|2 DNLM
|
| 016 |
|
|
|a (AMICUS)000000094992
|
| 016 |
7 |
|
|a 011150291
|2 Uk
|
| 022 |
|
|
|l 0703-0428
|y 0703-0428
|
| 035 |
|
|
|a (WaSeSS)ssj0006788
|
| 040 |
|
|
|a DLC
|b eng
|c DLC
|d DLC
|d NLC
|d OCL
|d NST
|d AIP
|d NST
|d AIP
|d OCL
|d NST
|d CLU
|d NST
|d DLC
|d NST
|d OCL
|d NST
|d NLC
|d NST
|d OCL
|d SYS
|d B2Q
|d OCLCQ
|d NLM
|d OCLCQ
|d CUV
|d OCLCQ
|d OCLCF
|d OCLCO
|d CGU
|d OCLCQ
|d TYC
|d OCLCQ
|d ZCU
|d CUS
|d SHS
|d CUD
|d LTU
|d CWI
|d CM3
|d UKMGB
|d CUS
|d WaSeSS
|
| 041 |
0 |
|
|a eng
|a fre
|
| 042 |
|
|
|a pcc
|a isds/c
|
| 043 |
|
|
|a n-cn---
|
| 050 |
0 |
0 |
|a HT127
|b .U7
|
| 082 |
0 |
4 |
|a 301.36/3/0971
|
| 210 |
0 |
|
|a Urban hist. rev.
|
| 222 |
|
0 |
|a Urban history review
|
| 245 |
0 |
0 |
|a Urban history review
|h [electronic resource].
|
| 246 |
1 |
1 |
|a Revue d'histoire urbaine
|
| 260 |
|
|
|a Ottawa,
|b History Division, National Museum of Man
|
| 310 |
|
|
|a 2 no. a year,
|b <Oct. 1992->
|
| 321 |
|
|
|a Three no. a year,
|b Feb. 1972-
|
| 362 |
0 |
|
|a Feb. 1972-
|
| 362 |
1 |
|
|a Ceased in print with: Volume 47, number 1/2 (fall 2018/spring 2019)?
|
| 504 |
|
|
|a Includes bibliographical references.
|
| 506 |
|
|
|a License restrictions may limit access.
|
| 515 |
|
|
|a Numbering begins each year with no. 1.
|
| 546 |
|
|
|a Includes some text in French.
|
| 650 |
|
0 |
|a Cities and towns
|z Canada
|x History
|v Periodicals.
|
| 650 |
|
6 |
|a Urbanisme
|z Canada
|v Périodiques.
|
| 650 |
|
6 |
|a Villes
|z Canada
|x Histoire
|v Périodiques.
|
| 650 |
|
7 |
|a Cities and towns.
|2 fast
|0 (OCoLC)fst00861748
|
| 651 |
|
7 |
|a Canada.
|2 fast
|0 (OCoLC)fst01204310
|
| 655 |
|
0 |
|a Electronic journals.
|
| 710 |
2 |
|
|a National Museum of Man (Canada).
|b History Division.
|
| 776 |
0 |
8 |
|i Continued online:
|t Urban history review
|x 1918-5138
|w (OCoLC)60621567
|
| 780 |
0 |
5 |
|t Urbanism past & present
|x 0160-2780
|w (DLC) 78645108
|w (OCoLC)2140253
|
| 850 |
|
|
|a ArU
|a CLU
|a CSt
|a CU-Riv
|a CU-SB
|a CaBViPA
|a CaMWU
|a CaMWUC
|a CaNBFU
|a CaNBSaM
|a CaOONL
|a CaOOSM
|a CaOSuL
|a CaOWtU
|a CaQMG
|a CoU
|a DGW
|a DLC
|a DeU
|a GASU
|a GAT
|a ICarbS
|a IEN
|a IaAS
|a IaU
|a InU
|a KMK
|a LU
|a MBU
|a MCM
|a MMeT
|a MdU
|a MiDW
|a MiEM
|a NN
|a NNC
|a NSyU
|a NTR
|a NcRS
|a NcU
|a NjR
|a OCU
|a OU
|a OrU
|a PPD
|a PPiC
|a PU
|a TNJ
|a TU
|a TxCM
|a ViBlbV
|a ViU
|a VtU
|a WHi
|a WU
|a WaU
|
| 853 |
0 |
3 |
|8 1
|a (year)
|b (*)
|i (year)
|j (month)
|
| 853 |
0 |
3 |
|8 2
|a v.
|b no.
|i (year)
|j (month)
|
| 856 |
4 |
0 |
|z Full text available from Research Library: 03/01/1997 to present
|u https://search.proquest.com/publication/26152
|
| 863 |
4 |
1 |
|8 1
|a <1972>
|b <1>
|i <1972>
|j <Feb.>
|x provisional
|
| 863 |
4 |
0 |
|8 2
|a <9>-
|b <1980/1981>-
|x provisional
|